<?xml version="1.0" encoding="UTF-8"?>
<record
    xmlns:xsi="http://www.w3.org/2001/XMLSchema-instance"
    xsi:schemaLocation="http://www.loc.gov/MARC21/slim http://www.loc.gov/standards/marcxml/schema/MARC21slim.xsd"
    xmlns="http://www.loc.gov/MARC21/slim">

  <leader>02585ngm a22004457a 4500</leader>
  <controlfield tag="005">20160919124340.0</controlfield>
  <controlfield tag="007">vd cvairk</controlfield>
  <controlfield tag="008">1609  t2004    mx 111|d |||| s0| vleng d</controlfield>
  <datafield tag="050" ind1="0" ind2="4">
    <subfield code="a">PN1995.9.P34</subfield>
    <subfield code="b">G73 2004</subfield>
  </datafield>
  <datafield tag="245" ind1="0" ind2="0">
    <subfield code="a">Grandes esperanzas</subfield>
    <subfield code="c">Twentieth Century Fox ; director, Alfonso Cuar&#xF3;n ; escritor, Mitch Glazer ; productor, Art Linson. </subfield>
    <subfield code="h">[videograbaci&#xF3;n] /</subfield>
  </datafield>
  <datafield tag="260" ind1=" " ind2=" ">
    <subfield code="a">M&#xE9;xico :</subfield>
    <subfield code="b">Twentieth century fox home entertainment,</subfield>
    <subfield code="c">2004</subfield>
  </datafield>
  <datafield tag="300" ind1=" " ind2=" ">
    <subfield code="a">1 videodisco :  </subfield>
    <subfield code="b">son., col., </subfield>
    <subfield code="c">4 3/4 plg.</subfield>
  </datafield>
  <datafield tag="306" ind1=" " ind2=" ">
    <subfield code="a">000111</subfield>
  </datafield>
  <datafield tag="500" ind1=" " ind2=" ">
    <subfield code="a">Basada en la obra de Charles Dickens</subfield>
  </datafield>
  <datafield tag="508" ind1=" " ind2=" ">
    <subfield code="a">M&#xFA;sica de Patrick Doyle ; co-producci&#xF3;n John Linson ; edici&#xF3;n Steven Weisberg ; direcci&#xF3;n de fotograf&#xED;a Emmanuel Lubezki ; dise&#xF1;o de producci&#xF3;nTony Burrough ; producci&#xF3;n ejecutiva Deborah Lee.</subfield>
  </datafield>
  <datafield tag="511" ind1="1" ind2=" ">
    <subfield code="a">Ethan Hawke, Gwyeneth Paltrow, Anne Bancroft, Hank Azaria, Chris Cooper, Robert De Niro.</subfield>
  </datafield>
  <datafield tag="520" ind1=" " ind2=" ">
    <subfield code="a">Desde el primer momento en que los ojos del joven Finn ven a Estella, ella se convierte en su inspiraci&#xF3;n y en su obsesi&#xF3;n. A pesar de ser advertido de que ella s&#xF3;lo romper&#xED;a su coraz&#xF3;n, &#xE9;l se promete ganar su amor. A&#xF1;os m&#xE1;s tarde, gracias a un misterioso benefactor, Finn, que aspira a ser artista, viaja a Nueva York, donde se reencuentra con la fr&#xED;a y bella Estella. Cuando ella accede a posar para &#xE9;l, las m&#xE1;s grandes esperanzas de Finn finalmente podr&#xED;an hacerse realidad junto con sus m&#xE1;s oscuros temores.</subfield>
  </datafield>
  <datafield tag="521" ind1=" " ind2=" ">
    <subfield code="a">Clasificaci&#xF3;n "B"</subfield>
  </datafield>
  <datafield tag="538" ind1=" " ind2=" ">
    <subfield code="a">NTSC, presentado en 2.35:1, versi&#xF3;n widescreen 16:9, regi&#xF3;n 4, DVD9: doble densidad, faz &#xFA;nica la transici&#xF3;n de un nivel a otro, puede causar una ligera pausa.</subfield>
  </datafield>
  <datafield tag="546" ind1=" " ind2=" ">
    <subfield code="a">En ingl&#xE9;s, espa&#xF1;ol y portugu&#xE9;s con subt&#xED;tulos en ingl&#xE9;s, espa&#xF1;ol y portugu&#xE9;s.</subfield>
  </datafield>
  <datafield tag="650" ind1="0" ind2="4">
    <subfield code="a">Amor,</subfield>
    <subfield code="v">Drama</subfield>
  </datafield>
  <datafield tag="650" ind1="0" ind2="4">
    <subfield code="a">Juegos pasionales,</subfield>
    <subfield code="v">Drama</subfield>
  </datafield>
  <datafield tag="700" ind1="1" ind2=" ">
    <subfield code="a">Cuar&#xF3;n, Alfonso</subfield>
    <subfield code="e">director.</subfield>
  </datafield>
  <datafield tag="700" ind1="1" ind2=" ">
    <subfield code="a">Glazer, Mitch,</subfield>
    <subfield code="e">escritor.</subfield>
  </datafield>
  <datafield tag="700" ind1="1" ind2=" ">
    <subfield code="a">Linson, Art ,</subfield>
    <subfield code="e">productor</subfield>
  </datafield>
  <datafield tag="700" ind1="1" ind2=" ">
    <subfield code="a">Dickens, Charles,</subfield>
    <subfield code="e">Escritor de la n&#xF3;vela</subfield>
  </datafield>
  <datafield tag="700" ind1="1" ind2=" ">
    <subfield code="a">Doyle, Patrick,</subfield>
    <subfield code="e">M&#xFA;sico</subfield>
  </datafield>
  <datafield tag="700" ind1="1" ind2=" ">
    <subfield code="a">Linson, John,</subfield>
    <subfield code="e">co-producci&#xF3;n </subfield>
  </datafield>
  <datafield tag="700" ind1="1" ind2=" ">
    <subfield code="a">Weisberg, Steven,</subfield>
    <subfield code="e">edici&#xF3;n </subfield>
  </datafield>
  <datafield tag="700" ind1="1" ind2=" ">
    <subfield code="a">Lubezki,  Emmanuel,</subfield>
    <subfield code="e">direcci&#xF3;n de fotograf&#xED;a</subfield>
    <subfield code="4"> </subfield>
  </datafield>
  <datafield tag="700" ind1="1" ind2=" ">
    <subfield code="a">Burrough, Tony,</subfield>
    <subfield code="e">dise&#xF1;o de producci&#xF3;n</subfield>
  </datafield>
  <datafield tag="700" ind1="1" ind2=" ">
    <subfield code="a">Hawke, Ethan,</subfield>
    <subfield code="e">actor</subfield>
  </datafield>
  <datafield tag="700" ind1="1" ind2=" ">
    <subfield code="a">Paltrow, Gwyeneth, </subfield>
    <subfield code="e">actr&#xED;z</subfield>
  </datafield>
  <datafield tag="700" ind1="1" ind2=" ">
    <subfield code="a">Bancroft, Anne,</subfield>
    <subfield code="e">actr&#xED;z</subfield>
  </datafield>
  <datafield tag="700" ind1="1" ind2=" ">
    <subfield code="a">Azaria, Hank,</subfield>
    <subfield code="e">actor</subfield>
  </datafield>
  <datafield tag="700" ind1="1" ind2=" ">
    <subfield code="a">Cooper, Chris,</subfield>
    <subfield code="e">actor</subfield>
  </datafield>
  <datafield tag="700" ind1="1" ind2=" ">
    <subfield code="a">De Niro, Robert,</subfield>
    <subfield code="e">actor</subfield>
  </datafield>
  <datafield tag="710" ind1="2" ind2=" ">
    <subfield code="a">Twentieth Century Home Entertainment, (M&#xE9;xico)</subfield>
  </datafield>
  <datafield tag="942" ind1=" " ind2=" ">
    <subfield code="2">lcc</subfield>
    <subfield code="c">PEL</subfield>
  </datafield>
  <datafield tag="999" ind1=" " ind2=" ">
    <subfield code="c">120893</subfield>
    <subfield code="d">120893</subfield>
  </datafield>
  <datafield tag="952" ind1=" " ind2=" ">
    <subfield code="0">0</subfield>
    <subfield code="1">0</subfield>
    <subfield code="2">lcc</subfield>
    <subfield code="4">0</subfield>
    <subfield code="7">0</subfield>
    <subfield code="a">LIC-047</subfield>
    <subfield code="b">LIC-047</subfield>
    <subfield code="c">MA</subfield>
    <subfield code="d">2016-09-19</subfield>
    <subfield code="h">VBFP000206</subfield>
    <subfield code="o">PN1995.9.P34 G73 2004</subfield>
    <subfield code="p">VBFP000206</subfield>
    <subfield code="r">2016-09-19 00:00:00</subfield>
    <subfield code="t">1</subfield>
    <subfield code="w">2016-09-19</subfield>
    <subfield code="y">PEL</subfield>
  </datafield>
</record>
